000 00722nam a2200217Ia 4500
003 GCL
008 140319s9999 xx 000 0 ara d
040 _aGCL /
_cGCL
082 0 4 _a811.009
_bم د
100 1 _aمحمد عبدالمنعم خاطر
245 1 0 _aدراسة فى شعر نازك الملائكة /
_cمحمد عبدالمنعم خاطر
260 _a[S.N] :
_bالهيئة المصرية العامة للكتاب ،
_c1990
300 _a378 ص
490 _aدراسات ادبية
_v0
650 0 4 _aالشعر العربى
650 0 4 _aالادب العربى
650 0 4 _aدواوين وقصائد
650 0 4 _aنازك الملائكة
650 0 4 _aتاريخ ونقد
942 _2ddc
_cBK
999 _c29505
_d29505